000 00930nam a22003012cc4500
001 185015726X
003 DE-627
005 20260212132051.0
007 tu
008 230615s2021 gw ||||| 00| ||ger c
020 _a9783963588938
_c: : EUR 7.00
035 _a(DE-627)185015726X
035 _a(DE-599)KXP185015726X
040 _aDE-627
_bger
_cDE-627
_erda
041 _ager
_hjpn
044 _cXA-DE
100 1 _aHagino, Makoto
_eVerfasserIn
_0(DE-588)1189174251
_0(DE-627)1667908391
_4aut
245 1 4 _aEin tropischer Fisch sehnt sich nach Schnee
_n8
_cMakoto Hagino ; aus dem Japanischen von Julia Gstöttner
250 _a1. Auflage
264 1 _aHamburg
_bAltraverse
_c2021
300 _a177 Seiten
336 _aText
_btxt
_2rdacontent
337 _aohne Hilfsmittel zu benutzen
_bn
_2rdamedia
338 _aBand
_bnc
_2rdacarrier
773 1 8 _w(DE-627)1850291446
_g8
_q8
_7nnam
942 _2ddc
_cMGA
_n0
951 _aMV
999 _c1493
_d1493